000 00696nam a22002417a 4500
001 BR9600672
003 BR-BrBNA
005 20230928094923.0
007 ta
008 230509b bl.||||| |||| 00| 0 por d
040 _aBR-BrBNA
_bpor
_cBiblioteca Nacional de Agricultura
041 _a(Por)
072 _aF06
090 _ F06 BR9600672
110 1 _aAssociacao de Credito e Assistencia Rural do Estado do Para, Belem (Brasil)
_9493
245 1 _aProjeto de irrigacao de viveiro de seringueira. Tome-Acu - Para
260 3 _aBelem, BA (Brasil):
_c1975.
300 _a8 p.
650 _aIrrigacao
650 _aModelo Matematico
909 _a202309
_bLucia
_c55
_dLucia Elande
942 _cBK
999 _c53443
_d53443